000
00208nam a2200085Ia 4500
245
0
_a
TROPICAL FISH BOOK
100
_a
TODD, R. 1968
_9
113632
942
_c
BK
008
210825s9999 xx 000 0 und d
999
_c
541583
_d
541582